[Event "HUN-chT2 Breyer 1819"]
[Site "Hungary"]
[Date "2019.03.31"]
[Round "8.1"]
[White "Dudas, Janos"]
[Black "Bagi, Mate"]
[Result "1/2-1/2"]
[WhiteElo "2339"]
[BlackElo "2432"]
[PlyCount "41"]
[EventDate "2018.10.28"]
[EventType "team-tourn"]
[EventRounds "9"]
[EventCountry "HUN"]
[SourceTitle "EXT 2021"]
[Source "ChessBase"]
[SourceDate "2020.10.23"]
[SourceVersion "1"]
[SourceVersionDate "2020.10.23"]
[SourceQuality "1"]
[WhiteTeam "Torokbalint"]
[BlackTeam "Naszaly Geniusz Tata"]
[WhiteTeamCountry "HUN"]
[BlackTeamCountry "HUN"]

1. d4 Nf6 2. Nf3 g6 3. g3 d5 4. Bg2 Bg7 5. 0-0 0-0 6. c4 dxc4 7. Na3 Nc6 8. Nxc4 Be6 9. b3 Bd5 10. Bb2 a5 11. Rc1 a4 12. bxa4 Ra6 13. Nce5 Qa8 14. Nxc6 bxc6 15. Ne5 Bxg2 16. Kxg2 Rb8 17. Ba1 c5+ 18. Kg1 cxd4 19. Qxd4 Rxa4 20. Qc5 Re8 21. Qxc7 1/2-1/2

[Event "HUN-chT2 Breyer 1819"]
[Site "Hungary"]
[Date "2019.01.27"]
[Round "4.1"]
[White "Dudas, Janos"]
[Black "Szegi, Tamas"]
[Result "1/2-1/2"]
[WhiteElo "2339"]
[BlackElo "2178"]
[PlyCount "118"]
[EventDate "2018.10.28"]
[EventType "team-tourn"]
[EventRounds "9"]
[EventCountry "HUN"]
[SourceTitle "CBM 189 Extra"]
[Source "ChessBase"]
[SourceDate "2019.06.03"]
[SourceVersion "1"]
[SourceVersionDate "2019.06.03"]
[SourceQuality "1"]
[WhiteTeam "Torokbalint"]
[BlackTeam "Kisber Aszar"]
[WhiteTeamCountry "HUN"]
[BlackTeamCountry "HUN"]

1. d4 Nf6 2. Nf3 g6 3. c4 Bg7 4. g3 d6 5. Bg2 0-0 6. 0-0 a6 7. Nc3 Nc6 8. b3 Rb8 9. a4 a5 10. Bb2 Bg4 11. h3 Bf5 12. d5 Nb4 13. Nd4 Bd7 14. Na2 Na6 15. Bc3 Qc8 16. Kh2 c5 17. dxc6 bxc6 18. Bxa5 e5 19. Nf3 Nc5 20. b4 Nb7 21. Bb6 Be6 22. Rc1 e4 23. Nd4 c5 24. Nb5 cxb4 25. Nxb4 Nd7 26. Bc7 Ra8 27. Bxd6 Nxd6 28. Qxd6 Be5 29. Qd2 Nc5 30. Nd6 e3 31. Nxc8 exd2 32. Ne7+ Kg7 33. Rc2 Rxa4 34. Nbc6 Bf6 35. Rxd2 Rxc4 36. Nd5 Nb3 37. Rd3 Nc1 38. Nxf6 Nxd3 39. exd3 Rc3 40. Ng4 Rxd3 41. Ne3 Rd2 42. Kg1 f5 43. f4 Rc8 44. Ne5 Rc3 45. Re1 h6 46. Bf1 Kf6 47. h4 Ra2 48. Nf3 Rca3 49. Nd4 Bf7 50. Bg2 Ra1 51. Rxa1 Rxa1+ 52. Bf1 g5 53. fxg5+ hxg5 54. hxg5+ Kxg5 55. Ndxf5 Bg6 56. Nd4 Bd3 57. Kf2 Bxf1 58. Nf3+ Kf6 59. Nxf1 Ra8 1/2-1/2

[Event "HUN-chT2 Breyer 1415"]
[Site "Hungary"]
[Date "2014.12.14"]
[Round "?"]
[White "Harmatosi, Jozsef"]
[Black "Dudas, Janos"]
[Result "0-1"]
[WhiteElo "2198"]
[BlackElo "2324"]
[PlyCount "80"]
[EventDate "2014.09.07"]
[EventType "team-tourn"]
[EventRounds "11"]
[EventCountry "HUN"]
[SourceTitle "EXT 2016"]
[Source "ChessBase"]
[SourceDate "2015.10.08"]
[SourceVersion "1"]
[SourceVersionDate "2015.10.08"]
[SourceQuality "1"]
[WhiteTeam "Szazhalombatta"]
[BlackTeam "Torokbalint"]
[WhiteTeamCountry "HUN"]
[BlackTeamCountry "HUN"]

1. d4 c5 2. c3 Qc7 3. Nf3 b6 4. Bg5 Bb7 5. e3 h6 6. Bf4 d6 7. Nbd2 Nf6 8. h3 Nbd7 9. Be2 e6 10. 0-0 Be7 11. Rc1 0-0 12. Bh2 Rac8 13. Qc2 a6 14. Qb1 Qb8 15. Ne1 cxd4 16. exd4 b5 17. Bf3 Nb6 18. Qd3 Nc4 19. Rc2 Nd5 20. Nb1 Ncb6 21. Qe2 Qa8 22. Nd2 Rfd8 23. Nd3 Nc4 24. Nb1 a5 25. b3 Ncb6 26. Rfc1 Bg5 27. Nd2 Qa6 28. Be4 b4 29. cxb4 axb4 30. Rxc8 Bxc8 31. Rc2 Nc3 32. Qe1 d5 33. Nxb4 Qe2 34. Qxe2 Nxe2+ 35. Kf1 Nxd4 36. Bc7 Nxc2 37. Bxc2 Rd7 38. Bxb6 Bxd2 39. Nc6 Ba6+ 40. Kg1 Rd6 0-1

[Event "HUN-chT2 Breyer 1415"]
[Site "Hungary"]
[Date "2014.11.30"]
[Round "?"]
[White "Dudas, Janos"]
[Black "Horvath, Gabor"]
[Result "1-0"]
[WhiteElo "2324"]
[BlackElo "2245"]
[PlyCount "41"]
[EventDate "2014.09.07"]
[EventType "team-tourn"]
[EventRounds "11"]
[EventCountry "HUN"]
[SourceTitle "EXT 2016"]
[Source "ChessBase"]
[SourceDate "2015.10.08"]
[SourceVersion "1"]
[SourceVersionDate "2015.10.08"]
[SourceQuality "1"]
[WhiteTeam "Torokbalint"]
[BlackTeam "MAFC"]
[WhiteTeamCountry "HUN"]
[BlackTeamCountry "HUN"]

1. d4 Nf6 2. Bg5 Ne4 3. Bf4 c5 4. f3 Qa5+ 5. c3 Nf6 6. d5 d6 7. e4 b5 8. Nd2 Bd7 9. a3 Qb6 10. Be3 g6 11. b4 Na6 12. Rb1 Qc7 13. a4 cxb4 14. cxb4 Qb7 15. Nb3 Nc7 16. Na5 Qc8 17. Rc1 Qb8 18. Qc2 Na6 19. Nc6 Qb7 20. axb5 Nb8 21. Na5 1-0

[Event "HUN-chT2 Breyer 1314"]
[Site "Hungary"]
[Date "2014.04.13"]
[Round "8"]
[White "Takacs, Tamas1111"]
[Black "Dudas, Janos"]
[Result "0-1"]
[WhiteElo "2203"]
[BlackElo "2332"]
[PlyCount "62"]
[EventDate "2013.09.08"]
[EventType "team-tourn"]
[EventRounds "9"]
[EventCountry "HUN"]
[SourceTitle "EXT 2016"]
[Source "ChessBase"]
[SourceDate "2015.10.08"]
[SourceVersion "1"]
[SourceVersionDate "2015.10.08"]
[SourceQuality "1"]
[WhiteTeam "Pet"]
[BlackTeam "Torokbalint"]
[WhiteTeamCountry "HUN"]
[BlackTeamCountry "HUN"]

1. e4 d6 2. d4 Nf6 3. Nc3 Nbd7 4. f4 e5 5. Nf3 exd4 6. Qxd4 c6 7. Be2 Qb6 8. Qxb6 axb6 9. Be3 b5 10. Nd2 Be7 11. 0-0 0-0 12. a3 Ne8 13. Na2 f5 14. exf5 Rxf5 15. g4 Rf8 16. Nb4 Nc7 17. Bf3 d5 18. Kg2 Bd6 19. Nd3 g6 20. c3 Ne6 21. Be2 Nec5 22. Nxc5 Nxc5 23. Rf2 Bd7 24. Raf1 Rae8 25. Bd4 Ne6 26. f5 Nf4+ 27. Kf3 gxf5 28. g5 Ng6 29. Kg2 c5 30. Bf6 Nf4+ 31. Rxf4 Bxf4 0-1

[Event "HUN-chT2 Breyer 1112"]
[Site "Hungary"]
[Date "2012.03.25"]
[Round "8.2"]
[White "Fodor, Istvan"]
[Black "Dudas, Janos"]
[Result "1/2-1/2"]
[WhiteElo "2303"]
[BlackElo "2338"]
[PlyCount "23"]
[EventDate "2011.09.25"]
[EventType "team-tourn"]
[EventRounds "11"]
[EventCountry "HUN"]
[SourceTitle "EXT 2013"]
[Source "ChessBase"]
[SourceDate "2012.11.22"]
[SourceVersion "1"]
[SourceVersionDate "2012.11.22"]
[SourceQuality "1"]
[WhiteTeam "Husi"]
[BlackTeam "Torokbalint"]
[WhiteTeamCountry "HUN"]
[BlackTeamCountry "HUN"]

1. d4 d6 2. c4 g6 3. e4 Bg7 4. Nc3 Nc6 5. d5 Nd4 6. Be3 e5 7. Nge2 Nxe2 8. Bxe2 f5 9. exf5 Bxf5 10. 0-0 Nf6 11. f3 0-0 12. Bd3 1/2-1/2

[Event "HUN-chT2 Breyer 1112"]
[Site "Hungary"]
[Date "2011.09.25"]
[Round "1.1"]
[White "Dudas, Janos"]
[Black "Akots, Gabor"]
[Result "1/2-1/2"]
[WhiteElo "2338"]
[BlackElo "2277"]
[PlyCount "32"]
[EventDate "2011.09.25"]
[EventType "team-tourn"]
[EventRounds "11"]
[EventCountry "HUN"]
[SourceTitle "EXT 2013"]
[Source "ChessBase"]
[SourceDate "2012.11.22"]
[SourceVersion "1"]
[SourceVersionDate "2012.11.22"]
[SourceQuality "1"]
[WhiteTeam "Torokbalint"]
[BlackTeam "Geniusz Tata"]
[WhiteTeamCountry "HUN"]
[BlackTeamCountry "HUN"]

1. d4 d5 2. c4 dxc4 3. Nf3 a6 4. e3 Nf6 5. Bxc4 e6 6. 0-0 c5 7. Nc3 b5 8. Be2 Bb7 9. a4 b4 10. Na2 Nc6 11. Bd2 Qb6 12. a5 Nxa5 13. Ne5 Bd6 14. Qa4+ Nc6 15. dxc5 Qxc5 16. Nd3 Qb6 1/2-1/2

[Event "HUN-chT2 Breyer 1011"]
[Site "Hungary"]
[Date "2011.03.27"]
[Round "7.4"]
[White "Dudas, Janos"]
[Black "Szabo, Janos2222"]
[Result "0-1"]
[WhiteElo "2335"]
[BlackElo "2176"]
[PlyCount "78"]
[EventDate "2010.09.12"]
[EventType "team-tourn"]
[EventRounds "11"]
[EventCountry "HUN"]
[SourceTitle "EXT 2012"]
[Source "ChessBase"]
[SourceDate "2011.11.24"]
[SourceVersion "1"]
[SourceVersionDate "2011.11.24"]
[SourceQuality "1"]
[WhiteTeam "Torokbalint"]
[BlackTeam "MAFC"]
[WhiteTeamCountry "HUN"]
[BlackTeamCountry "HUN"]

1. d4 Nf6 2. Nf3 g6 3. c4 Bg7 4. Nc3 0-0 5. Bg5 h6 6. Bh4 d6 7. e3 c6 8. Be2 a6 9. 0-0 b5 10. Nd2 Qc7 11. Rc1 bxc4 12. Nxc4 Be6 13. Qa4 Bxc4 14. Qxc4 Qb7 15. Na4 Rc8 16. Bxf6 Bxf6 17. Bf3 a5 18. Rc3 Qa6 19. Qxa6 Rxa6 20. Rfc1 e6 21. Rb3 Bd8 22. Rb7 Ra8 23. d5 Rc7 24. Rxc7 Bxc7 25. dxe6 fxe6 26. Bxc6 Nxc6 27. Rxc6 Ra7 28. g3 Kf7 29. Nc3 Rb7 30. a4 Ke7 31. Nb5 Bd8 32. Ra6 Bb6 33. Ra8 d5 34. Rh8 Kf6 35. Rxh6 e5 36. Kf1 Kg7 37. Rh4 Bd8 38. Rg4 Kf6 39. b4 Kf5 0-1

[Event "HUN-chT2 Breyer 1011"]
[Site "Hungary"]
[Date "2010.10.10"]
[Round "3.6"]
[White "Dudas, Janos"]
[Black "Sumegi, Miklos Andras"]
[Result "1/2-1/2"]
[WhiteElo "2335"]
[BlackElo "2014"]
[PlyCount "62"]
[EventDate "2010.09.12"]
[EventType "team-tourn"]
[EventRounds "11"]
[EventCountry "HUN"]
[SourceTitle "EXT 2012"]
[Source "ChessBase"]
[SourceDate "2011.11.24"]
[SourceVersion "1"]
[SourceVersionDate "2011.11.24"]
[SourceQuality "1"]
[WhiteTeam "Torokbalint"]
[BlackTeam "Vizugy"]
[WhiteTeamCountry "HUN"]
[BlackTeamCountry "HUN"]

1. d4 Nf6 2. c4 b6 3. Nc3 Bb7 4. d5 e5 5. Nf3 d6 6. e4 Nbd7 7. Bd3 Nc5 8. b4 Nxd3+ 9. Qxd3 a5 10. bxa5 Rxa5 11. 0-0 h5 12. Nd2 h4 13. Nb3 Ra8 14. a4 Nd7 15. a5 Be7 16. Be3 Nc5 17. Nxc5 bxc5 18. f4 exf4 19. Bxf4 Bf6 20. e5 dxe5 21. Rfe1 0-0 22. Bxe5 Bxe5 23. Rxe5 Re8 24. Qe3 Rxe5 25. Qxe5 h3 26. g3 Ba6 27. Qf4 Qe7 28. Rf1 Re8 29. Nb5 Bxb5 30. cxb5 f6 31. Qd2 c4 1/2-1/2

[Event "HUN-chT2 Breyer 0910"]
[Site "Hungary"]
[Date "2010.03.21"]
[Round "8"]
[White "Dudas, Janos"]
[Black "Molnar, Jozsef"]
[Result "1-0"]
[WhiteElo "2351"]
[BlackElo "2211"]
[PlyCount "69"]
[EventDate "2009.11.08"]
[EventType "team-tourn"]
[EventRounds "11"]
[EventCountry "HUN"]
[SourceTitle "EXT 2011"]
[Source "ChessBase"]
[SourceDate "2010.11.26"]
[SourceVersion "1"]
[SourceVersionDate "2010.11.26"]
[SourceQuality "1"]
[WhiteTeam "Torokbalint"]
[BlackTeam "BEAC II"]
[WhiteTeamCountry "HUN"]
[BlackTeamCountry "HUN"]

1. d4 d5 2. c4 c6 3. Nf3 e6 4. Qc2 Nf6 5. g3 Bb4+ 6. Nbd2 Ne4 7. Bg2 Nd7 8. 0-0 f5 9. Nxe4 fxe4 10. Ng5 Nf6 11. f3 exf3 12. Rxf3 Qe7 13. Bh3 e5 14. dxe5 Ng4 15. e6 Ne5 16. Rf4 dxc4 17. Be3 Bc5 18. Qe4 Qxg5 19. Bxc5 Nf3+ 20. Rxf3 Qxc5+ 21. Kg2 Qd5 22. Qxd5 cxd5 23. Rf7 b5 24. Raf1 a5 25. Rc7 b4 26. Rff7 Rg8 27. Kf2 a4 28. Ke3 a3 29. bxa3 b3 30. axb3 cxb3 31. Kd2 Rb8 32. Kc1 b2+ 33. Kb1 d4 34. Bg2 Kd8 35. e7+ 1-0

[Event "HUN-chT2 Breyer 0910"]
[Site "Hungary"]
[Date "2010.02.14"]
[Round "6"]
[White "Dudas, Janos"]
[Black "Demjen, Attila"]
[Result "1/2-1/2"]
[WhiteElo "2351"]
[BlackElo "2054"]
[PlyCount "64"]
[EventDate "2009.11.08"]
[EventType "team-tourn"]
[EventRounds "11"]
[EventCountry "HUN"]
[SourceTitle "EXT 2011"]
[Source "ChessBase"]
[SourceDate "2010.11.26"]
[SourceVersion "1"]
[SourceVersionDate "2010.11.26"]
[SourceQuality "1"]
[WhiteTeam "Torokbalint"]
[BlackTeam "Honved II"]
[WhiteTeamCountry "HUN"]
[BlackTeamCountry "HUN"]

1. d4 Nf6 2. Nf3 g6 3. Nc3 d6 4. e4 Bg7 5. h3 0-0 6. Be3 e5 7. dxe5 dxe5 8. Qxd8 Rxd8 9. Bc4 Nc6 10. Ng5 Rd7 11. Rd1 Nd4 12. Bxd4 exd4 13. Nb5 Ne8 14. c3 h6 15. Nxf7 Rxf7 16. cxd4 Bd7 17. Nc3 Nd6 18. Bxf7+ Kxf7 19. Ke2 Nb5 20. Ke3 h5 21. Nxb5 Bxb5 22. g4 hxg4 23. hxg4 Bd7 24. g5 Re8 25. f3 c6 26. b3 Be6 27. Rd2 Bf8 28. Rh7+ Bg7 29. Rc2 Kg8 30. Rhh2 Kf7 31. Rhd2 Bf8 32. Rh2 Bg7 1/2-1/2

[Event "HUN-chT2 Erkel 0809"]
[Site "Hungary"]
[Date "2009.04.19"]
[Round "11.1"]
[White "Dudas, Janos"]
[Black "Darazs, Zoltan"]
[Result "1/2-1/2"]
[WhiteElo "2351"]
[BlackElo "2234"]
[PlyCount "73"]
[EventDate "2008.10.26"]
[EventType "team-tourn"]
[EventRounds "11"]
[EventCountry "HUN"]
[SourceTitle "EXT 2010"]
[Source "ChessBase"]
[SourceDate "2010.11.25"]
[SourceVersion "1"]
[SourceVersionDate "2010.11.25"]
[SourceQuality "1"]
[WhiteTeam "TTC"]
[BlackTeam "Jaszbereny"]
[WhiteTeamCountry "HUN"]
[BlackTeamCountry "HUN"]

1. d4 Nf6 2. Bg5 c5 3. Bxf6 gxf6 4. c3 d5 5. e3 Qb6 6. Qb3 e5 7. dxc5 Qxb3 8. axb3 Bxc5 9. Nf3 Rg8 10. g3 Be6 11. Nbd2 Nc6 12. b4 Bb6 13. b5 Ne7 14. c4 Rc8 15. b3 Ng6 16. cxd5 Bxd5 17. Bc4 Bxc4 18. Nxc4 Ke7 19. Ke2 Rc5 20. Nxb6 axb6 21. Rhc1 Rgc8 22. Rxc5 Rxc5 23. Ra7 Rxb5 24. Rxb7+ Ke6 25. Nd2 Ne7 26. Kd3 f5 27. Rb8 Nc6 28. Rh8 Na5 29. Rxh7 e4+ 30. Kc3 Rc5+ 31. Kb2 Rd5 32. Kc2 Rc5+ 33. Kb2 Rd5 34. Rh6+ f6 35. Kc2 Rc5+ 36. Kd1 Rb5 37. Kc2 1/2-1/2

[Event "HUN-chT2 Erkel 0809"]
[Site "Hungary"]
[Date "2008.12.21"]
[Round "4.1"]
[White "Brustkern, Juergen"]
[Black "Dudas, Janos"]
[Result "1/2-1/2"]
[WhiteElo "2297"]
[BlackElo "2351"]
[PlyCount "21"]
[EventDate "2008.10.26"]
[EventType "team-tourn"]
[EventRounds "11"]
[EventCountry "HUN"]
[SourceTitle "EXT 2010"]
[Source "ChessBase"]
[SourceDate "2010.11.25"]
[SourceVersion "1"]
[SourceVersionDate "2010.11.25"]
[SourceQuality "1"]
[WhiteTeam "MAFC"]
[BlackTeam "TTC"]
[WhiteTeamCountry "HUN"]
[BlackTeamCountry "HUN"]

1. d4 g6 2. c4 Bg7 3. Nc3 d6 4. e4 Nc6 5. Be3 e5 6. d5 Nce7 7. g4 f5 8. f3 Bh6 9. Bxh6 Nxh6 10. h3 fxe4 11. Nxe4 1/2-1/2

[Event "HUN-chT2 Erkel 0708"]
[Site "Hungary"]
[Date "2008.03.30"]
[Round "9"]
[White "Tornai, Imre"]
[Black "Dudas, Janos"]
[Result "0-1"]
[WhiteElo "2241"]
[BlackElo "2353"]
[PlyCount "78"]
[EventDate "2007.10.14"]
[EventType "team"]
[EventRounds "11"]
[EventCountry "HUN"]
[SourceTitle "EXT 2009"]
[Source "ChessBase"]
[SourceDate "2008.11.26"]
[SourceVersion "1"]
[SourceVersionDate "2008.11.26"]
[SourceQuality "1"]
[WhiteTeam "Vaci"]
[BlackTeam "Godi"]
[WhiteTeamCountry "HUN"]
[BlackTeamCountry "HUN"]

1. e4 c5 2. Nf3 d6 3. Bb5+ Nd7 4. c4 a6 5. Ba4 Ngf6 6. Nc3 e6 7. 0-0 Qc7 8. d3 Be7 9. a3 0-0 10. Rb1 d5 11. cxd5 exd5 12. Bxd7 Qxd7 13. e5 Ne8 14. Qb3 Nc7 15. Na4 c4 16. dxc4 dxc4 17. Qc2 Qf5 18. Qxf5 Bxf5 19. Ra1 b5 20. Nc3 a5 21. Be3 b4 22. axb4 axb4 23. Na4 Nd5 24. Nd4 Bd7 25. b3 Nxe3 26. fxe3 Bg5 27. Kf2 Bxa4 28. Rxa4 Rxa4 29. bxa4 b3 30. Nb5 Ra8 31. Nc3 Ra5 32. Ke2 Rxe5 33. e4 g6 34. Ra1 Bd8 35. Kf3 Ba5 36. Ne2 f5 37. exf5 b2 38. Rb1 c3 39. Nd4 Rd5 0-1

[Event "HUN-chT2 Erkel 0708"]
[Site "Hungary"]
[Date "2008.03.02"]
[Round "7"]
[White "Nagyajtai, Gabor"]
[Black "Dudas, Janos"]
[Result "1/2-1/2"]
[WhiteElo "2204"]
[BlackElo "2353"]
[PlyCount "27"]
[EventDate "2007.10.14"]
[EventType "team"]
[EventRounds "11"]
[EventCountry "HUN"]
[SourceTitle "EXT 2009"]
[Source "ChessBase"]
[SourceDate "2008.11.26"]
[SourceVersion "1"]
[SourceVersionDate "2008.11.26"]
[SourceQuality "1"]
[WhiteTeam "Godollo"]
[BlackTeam "Godi"]
[WhiteTeamCountry "HUN"]
[BlackTeamCountry "HUN"]

1. d4 d5 2. Nf3 c6 3. Bf4 Bf5 4. c3 Nd7 5. e3 e6 6. Nbd2 Qb6 7. Qb3 Ngf6 8. h3 Be7 9. Be2 0-0 10. Ne5 Nxe5 11. Bxe5 Nd7 12. Bh2 c5 13. 0-0 Rfc8 14. Nf3 1/2-1/2

[Event "HUN-chT2 Erkel 0708"]
[Site "Hungary"]
[Date "2007.11.25"]
[Round "3"]
[White "Dudas, Janos"]
[Black "Mede, Istvan"]
[Result "1/2-1/2"]
[WhiteElo "2353"]
[BlackElo "2233"]
[PlyCount "28"]
[EventDate "2007.10.14"]
[EventType "team"]
[EventRounds "11"]
[EventCountry "HUN"]
[SourceTitle "EXT 2009"]
[Source "ChessBase"]
[SourceDate "2008.11.26"]
[SourceVersion "1"]
[SourceVersionDate "2008.11.26"]
[SourceQuality "1"]
[WhiteTeam "Godi"]
[BlackTeam "Paszto"]
[WhiteTeamCountry "HUN"]
[BlackTeamCountry "HUN"]

1. d4 Nf6 2. c4 g6 3. g3 Bg7 4. Bg2 0-0 5. Nc3 d6 6. Nf3 Nbd7 7. 0-0 e5 8. h3 Re8 9. e4 exd4 10. Nxd4 Nc5 11. Re1 c6 12. b3 a5 13. Bb2 Qb6 14. Rb1 Nfd7 1/2-1/2

[Event "HUN-chT2 Erkel 0708"]
[Site "Hungary"]
[Date "2007.10.14"]
[Round "1"]
[White "Dudas, Janos"]
[Black "Berebora, Ferenc"]
[Result "1/2-1/2"]
[WhiteElo "2353"]
[BlackElo "2383"]
[PlyCount "68"]
[EventDate "2007.10.14"]
[EventType "team"]
[EventRounds "11"]
[EventCountry "HUN"]
[SourceTitle "EXT 2009"]
[Source "ChessBase"]
[SourceDate "2008.11.26"]
[SourceVersion "1"]
[SourceVersionDate "2008.11.26"]
[SourceQuality "1"]
[WhiteTeam "Godi"]
[BlackTeam "Keviterv"]
[WhiteTeamCountry "HUN"]
[BlackTeamCountry "HUN"]

1. d4 Nf6 2. Nf3 g6 3. g3 Bg7 4. Bg2 d5 5. 0-0 c6 6. c3 0-0 7. Ne5 Nbd7 8. Nxd7 Nxd7 9. f4 Nf6 10. Nd2 Bf5 11. h3 h5 12. Kh2 Qc7 13. e3 c5 14. Nf3 Be4 15. Ng5 Bxg2 16. Kxg2 Bh6 17. Nf3 Ne4 18. Nd2 Nd6 19. g4 hxg4 20. hxg4 e6 21. Nf3 Bg7 22. Bd2 Ne4 23. Be1 cxd4 24. Nxd4 e5 25. Ne2 Qc6 26. Ng3 d4 27. Qf3 Nxg3 28. Qxc6 bxc6 29. Bxg3 Rab8 30. Rab1 dxc3 31. bxc3 exf4 32. Bxf4 Rb5 33. c4 Ra5 34. Rf2 Be5 1/2-1/2

[Event "HUN-chT 0405"]
[Site "Hungary"]
[Date "2005.04.24"]
[Round "11"]
[White "Szalai, Kornel"]
[Black "Dudas, Janos"]
[Result "1/2-1/2"]
[WhiteElo "2233"]
[BlackElo "2356"]
[PlyCount "105"]
[EventDate "2004.09.26"]
[EventType "team-tourn"]
[EventRounds "11"]
[EventCountry "HUN"]
[SourceTitle "EXT 2011"]
[Source "ChessBase"]
[SourceDate "2010.11.26"]
[SourceVersion "1"]
[SourceVersionDate "2010.11.26"]
[SourceQuality "1"]
[WhiteTeam "Mako"]
[BlackTeam "PMSE"]
[WhiteTeamCountry "HUN"]
[BlackTeamCountry "HUN"]

1. c4 Nf6 2. Nc3 c6 3. Nf3 d5 4. e3 g6 5. d4 Bg7 6. Bd3 0-0 7. 0-0 Nbd7 8. cxd5 cxd5 9. Bd2 Nb6 10. a4 Bd7 11. Qb3 Bc6 12. Ne5 Nbd7 13. f4 Nxe5 14. fxe5 Nd7 15. Ne2 Nb6 16. Bb4 Qd7 17. a5 Nc4 18. Bxc4 dxc4 19. Qxc4 Bb5 20. Qc2 Qg4 21. Rf2 Bxe5 22. dxe5 Bxe2 23. Bxe7 Rfe8 24. Bf6 Bb5 25. Rf4 Rac8 26. Qf2 Qe2 27. Qg3 Qxb2 28. Re1 Rc1 29. e6 Rxe1+ 30. Qxe1 Qb3 31. e7 Qe6 32. h3 Rxe7 33. Bxe7 Qxe7 34. Qc3 a6 35. Qd2 Bc6 36. Rd4 g5 37. Rd6 f6 38. Kf2 Kg7 39. Kg1 Qe4 40. Qf2 Qe5 41. Qd2 h5 42. Qd4 Qf5 43. h4 Qb1+ 44. Kh2 Qf1 45. Qd2 gxh4 46. Rd4 Qf5 47. Rxh4 Qe5+ 48. Rf4 Qg5 49. Qf2 Kf7 50. Rf5 Qg6 51. Rc5 h4 52. Rc4 Qg5 53. Rxh4 1/2-1/2

[Event "HUN-chT 0405"]
[Site "Hungary"]
[Date "2004.12.19"]
[Round "5"]
[White "Szabo, Zsolt2222"]
[Black "Dudas, Janos"]
[Result "0-1"]
[WhiteElo "2351"]
[BlackElo "2356"]
[PlyCount "114"]
[EventDate "2004.09.26"]
[EventType "team-tourn"]
[EventRounds "11"]
[EventCountry "HUN"]
[SourceTitle "EXT 2011"]
[Source "ChessBase"]
[SourceDate "2010.11.26"]
[SourceVersion "1"]
[SourceVersionDate "2010.11.26"]
[SourceQuality "1"]
[WhiteTeam "Honved"]
[BlackTeam "PMSE"]
[WhiteTeamCountry "HUN"]
[BlackTeamCountry "HUN"]

1. d4 d5 2. c4 c6 3. e3 Nf6 4. Bd3 Bg4 5. Ne2 e6 6. Qc2 Bh5 7. Nf4 Bg6 8. Nxg6 hxg6 9. Nc3 a6 10. Bd2 Nbd7 11. cxd5 cxd5 12. Qb3 Qb6 13. Qxb6 Nxb6 14. Ke2 Rc8 15. h3 Kd7 16. Rhc1 Bd6 17. b3 Ba3 18. Rcb1 Bb4 19. Na4 Nxa4 20. bxa4 Bxd2 21. Kxd2 Rc7 22. f3 Ne8 23. Rb4 Nd6 24. e4 dxe4 25. fxe4 Rh4 26. Re1 a5 27. Rb6 f5 28. Bb5+ Ke7 29. d5 Rxe4 30. Rxe4 Nxe4+ 31. Ke3 Nd6 32. Kd4 Rc1 33. dxe6 Kxe6 34. Be2 Rc2 35. Bf3 Rc4+ 36. Kd3 Rxa4 37. Bxb7 Rxa2 38. Ra6 Ke5 39. Bc6 g5 40. Ra7 g6 41. Re7+ Kf6 42. Rd7 Ke5 43. Re7+ Kf4 44. Bd5 Ra3+ 45. Ke2 Nb5 46. Kf2 g4 47. hxg4 Kxg4 48. Rg7 g5 49. Bf3+ Kf4 50. g3+ Ke5 51. Rxg5 Nd4 52. Bb7 Rb3 53. Rg7 a4 54. Rd7 a3 55. Rd5+ Ke4 56. Ba8 Rb2+ 57. Ke1 a2 0-1

[Event "HUN-chT 0405"]
[Site "Hungary"]
[Date "2004.12.05"]
[Round "4"]
[White "Dudas, Janos"]
[Black "Zsinka, Laszlo"]
[Result "0-1"]
[WhiteElo "2356"]
[BlackElo "2373"]
[PlyCount "50"]
[EventDate "2004.09.26"]
[EventType "team-tourn"]
[EventRounds "11"]
[EventCountry "HUN"]
[SourceTitle "EXT 2011"]
[Source "ChessBase"]
[SourceDate "2010.11.26"]
[SourceVersion "1"]
[SourceVersionDate "2010.11.26"]
[SourceQuality "1"]
[WhiteTeam "PMSE"]
[BlackTeam "Statisztika"]
[WhiteTeamCountry "HUN"]
[BlackTeamCountry "HUN"]

1. d4 Nf6 2. c4 e6 3. Nf3 b6 4. g3 Bb7 5. Bg2 Bb4+ 6. Bd2 Be7 7. Nc3 0-0 8. Qc2 d5 9. cxd5 exd5 10. 0-0 Na6 11. Rfd1 Qc8 12. Nh4 Re8 13. Nf5 Bf8 14. Bh3 Qd8 15. a3 c5 16. Bg5 h6 17. Bxf6 Qxf6 18. dxc5 d4 19. Rxd4 g6 20. Rd7 Nxc5 21. Nd5 Bxd5 22. Rxd5 gxf5 23. Rxf5 Qg6 24. b4 Ne6 25. e3 Ng7 0-1

[Event "HUN-chT 0405"]
[Site "Hungary"]
[Date "2004.11.21"]
[Round "3"]
[White "Banas, Jan"]
[Black "Dudas, Janos"]
[Result "1-0"]
[WhiteElo "2334"]
[BlackElo "2356"]
[PlyCount "65"]
[EventDate "2004.09.26"]
[EventType "team-tourn"]
[EventRounds "11"]
[EventCountry "HUN"]
[SourceTitle "EXT 2011"]
[Source "ChessBase"]
[SourceDate "2010.11.26"]
[SourceVersion "1"]
[SourceVersionDate "2010.11.26"]
[SourceQuality "1"]
[WhiteTeam "Vasas"]
[BlackTeam "PMSE"]
[WhiteTeamCountry "HUN"]
[BlackTeamCountry "HUN"]

1. c4 c6 2. e4 e5 3. Nc3 Nf6 4. f4 d5 5. fxe5 Nxe4 6. Nf3 Be6 7. cxd5 Bxd5 8. Nxd5 Qxd5 9. Qc2 b5 10. Qd3 Qxd3 11. Bxd3 Nc5 12. Bb1 Nba6 13. d4 Ne6 14. Be4 Rc8 15. Be3 Nb8 16. Ke2 Be7 17. Rhc1 0-0 18. a4 b4 19. Rc4 f5 20. exf6 Bxf6 21. Rac1 Rce8 22. Kd3 Rd8 23. Bxc6 g5 24. h3 h5 25. Be4 a5 26. b3 Be7 27. d5 g4 28. hxg4 hxg4 29. Ne5 Bg5 30. Nxg4 Nd7 31. dxe6 Ne5+ 32. Ke2 Nxc4 33. Bxg5 1-0